25 Największych Miast Hiszpanii na Mapie - Statystyki

Ogólne statystyki
  • Ten quiz został rozwiązany 30 razy
  • Średni wynik to 13 z 25
Odpowiedzi na mapie
Odpowiedzi zakodowano w zielono-czerwonej skali na mapie do tego quizu, zgodnie z poniższymi procentami.
 
Statystyki odpowiedzi
Miasto Populacja % Poprawnych
Barcelona 1,7 mln
100%
Madryt 3,4 mln
100%
Malaga 590k tys.
95%
Bilbao 350 tys.
91%
Sewilla 690 tys.
91%
Walencja 820 tys.
86%
Saragossa 690 tys.
77%
Alicante 360 tys.
64%
Palma 440 tys.
64%
Vigo 300 tys.
59%
A Coruña 250 tys.
55%
Las Palmas 380 tys.
55%
Murcja 470 tys.
55%
Kordoba 325 tys.
45%
Valladolid 300 tys.
45%
Elche 245 tys.
41%
Granada 235 tys.
41%
Oviedo 225 tys.
41%
Gijon 270 tys.
36%
L'Hospitalet de Llobregat 280 tys.
23%
Badalona 230 tys.
18%
Kartagena 220 tys.
18%
Sabadell 225 tys.
14%
Vitoria-Gasteiz 260 tys.
14%
Terrassa 230 tys.
5%
Nie znaleziono quizów pasujących do podanych kryteriów
Rozkład punktacji
Procent ludzi z każdym wynikiem
Percentyl według liczby udzielonych odpowiedzi
Twoja historia wyników
Nie rozwiązałeś tego quizu